| 000 | 00410nam a22001817a 4500 | ||
|---|---|---|---|
| 003 | OSt | ||
| 008 | 231016b |||||||| |||| 00| 0 eng d | ||
| 020 | _a9780199484140 | ||
| 082 | _a005.133 MAP | ||
| 100 | _aMALHOTRA,Sachin | ||
| 245 | _aProgramming in JAVA | ||
| 250 | _a2nd Ed | ||
| 260 |
_aNew Delhi _bOxford _c2019 |
||
| 300 | _a678 | ||
| 650 | _aIT | ||
| 700 | _aCHOUDHARY,Saruabh | ||
| 942 |
_2ddc _cBK |
||
| 999 |
_c12100 _d12100 |
||